[Event "Neiva Ascun Nodo op"]
[Site "Neiva"]
[Date "2023.03.31"]
[Round "2"]
[White "Quintero Sepulveda, Juan Esteban"]
[Black "Guzman Gallego, Juan David"]
[Result "1/2-1/2"]
[WhiteElo "1872"]
[BlackElo "1600"]
[PlyCount "66"]
[EventDate "2023.03.30"]
[EventType "swiss"]
[EventRounds "6"]
[EventCountry "COL"]
[SourceTitle "CBM 213 Extra"]
[Source "ChessBase"]
[SourceDate "2023.05.31"]
[SourceVersion "1"]
[SourceVersionDate "2023.05.31"]
[SourceQuality "1"]

1. e4 c5 2. Nf3 d6 3. d4 cxd4 4. Nxd4 Nf6 5. Nc3 a6 6. f3 e5 7. Nb3 Be6 8. Be3 Be7 9. Be2 0-0 10. 0-0 Qc7 11. f4 Rd8 12. f5 Bc4 13. Bxc4 Qxc4 14. Bg5 Nc6 15. Bxf6 Bxf6 16. Qg4 Kf8 17. Nd5 Qxc2 18. Rf2 Qc4 19. Nb6 Qb5 20. Nxa8 Rxa8 21. Qg3 Bd8 22. Rd2 Bb6+ 23. Kh1 Nd4 24. Nxd4 Bxd4 25. Rxd4 exd4 26. Qxd6+ Ke8 27. Qxd4 f6 28. Rd1 Qc6 29. h3 Qc7 30. Qd5 Kf8 31. Qd7 Qxd7 32. Rxd7 Re8 33. Rxb7 Rxe4 1/2-1/2

[Event "Neiva Ascun Nodo op"]
[Site "Neiva"]
[Date "2023.03.30"]
[Round "1"]
[White "Giraldo Guevara, Juan Diego"]
[Black "Quintero Sepulveda, Juan Esteban"]
[Result "0-1"]
[WhiteElo "1535"]
[BlackElo "1872"]
[PlyCount "38"]
[EventDate "2023.03.30"]
[EventType "swiss"]
[EventRounds "6"]
[EventCountry "COL"]
[SourceTitle "CBM 213 Extra"]
[Source "ChessBase"]
[SourceDate "2023.05.31"]
[SourceVersion "1"]
[SourceVersionDate "2023.05.31"]
[SourceQuality "1"]

1. e4 e5 2. Nf3 Nc6 3. Bb5 a6 4. Ba4 Nf6 5. 0-0 b5 6. Bb3 Be7 7. c3 Nxe4 8. Re1 Nc5 9. Nxe5 Nxe5 10. Rxe5 Nxb3 11. Qxb3 d6 12. Re1 0-0 13. d4 Re8 14. Nd2 c5 15. d5 Bf5 16. c4 Bf6 17. Rxe8+ Qxe8 18. Nf3 Qe2 19. Rb1 Bxb1 0-1

[Event "COL-ch U2000"]
[Site "Pereira"]
[Date "2022.02.16"]
[Round "1"]
[White "Giraldo, Emanuel"]
[Black "Quintero Sepulveda, Juan Esteban"]
[Result "0-1"]
[WhiteElo "1663"]
[BlackElo "1834"]
[PlyCount "46"]
[EventDate "2022.02.16"]
[EventType "swiss"]
[EventRounds "9"]
[EventCountry "COL"]
[SourceTitle "CBM 207 Extra"]
[Source "ChessBase"]
[SourceDate "2022.05.31"]
[SourceVersion "1"]
[SourceVersionDate "2022.05.31"]
[SourceQuality "1"]

1. e4 e5 2. Nf3 Nc6 3. Bc4 Bc5 4. c3 Nf6 5. d3 d6 6. Nbd2 0-0 7. 0-0 Bg4 8. h3 Bxf3 9. Nxf3 d5 10. exd5 Nxd5 11. Re1 Nb6 12. Bb5 f6 13. Bxc6 bxc6 14. Be3 Bxe3 15. Rxe3 Nd5 16. Re1 Rb8 17. Qc2 Nf4 18. d4 exd4 19. Nxd4 Qd5 20. Re4 Rxb2 21. Qxb2 Qxe4 22. f3 Qe3+ 23. Qf2 Qxc3 0-1

[Event "Manizales Las Americas op-B"]
[Site "Manizales"]
[Date "2021.10.16"]
[Round "5"]
[White "Ocampo, Cristian David"]
[Black "Quintero Sepulveda, Juan Esteban"]
[Result "0-1"]
[WhiteElo "1842"]
[BlackElo "1724"]
[PlyCount "78"]
[EventDate "2021.10.14"]
[EventType "swiss"]
[EventRounds "9"]
[EventCountry "COL"]
[SourceTitle "EXT 2023"]
[Source "ChessBase"]
[SourceDate "2022.10.05"]
[SourceVersion "1"]
[SourceVersionDate "2022.10.05"]
[SourceQuality "1"]

1. d4 Nf6 2. c4 e6 3. Nf3 d5 4. g3 Be7 5. Bg2 Nbd7 6. 0-0 0-0 7. b3 Rb8 8. Qc2 b6 9. Bb2 Bb7 10. Nbd2 c5 11. cxd5 exd5 12. e3 Ne4 13. dxc5 Bxc5 14. Nd4 Rc8 15. Qd1 Be7 16. Nxe4 dxe4 17. Rc1 Rxc1 18. Qxc1 Nc5 19. Rd1 Qc8 20. Qc2 Nd3 21. Qxc8 Rxc8 22. Rxd3 exd3 23. Bxb7 d2 24. Bf3 Rc1+ 25. Kg2 d1Q 26. Bxd1 Rxd1 27. Nf5 Bf6 28. Bxf6 gxf6 29. a4 h5 30. h4 Kh7 31. Kf3 Kg6 32. Kf4 Rd2 33. f3 Rd3 34. Nd4 f5 35. b4 Ra3 36. Nxf5 Rxa4 37. Ne7+ Kh7 38. Kg5 Rxb4 39. Kxh5 a5 0-1

[Event "Manizales Las Americas op-B"]
[Site "Manizales"]
[Date "2021.10.15"]
[Round "3"]
[White "Quintero Sepulveda, Juan Esteban"]
[Black "Hernandez Pinzon, Helvert"]
[Result "0-1"]
[WhiteElo "1724"]
[BlackElo "1936"]
[PlyCount "68"]
[EventDate "2021.10.14"]
[EventType "swiss"]
[EventRounds "9"]
[EventCountry "COL"]
[SourceTitle "EXT 2023"]
[Source "ChessBase"]
[SourceDate "2022.10.05"]
[SourceVersion "1"]
[SourceVersionDate "2022.10.05"]
[SourceQuality "1"]

1. e4 c5 2. Nf3 Nc6 3. d4 cxd4 4. Nxd4 Nf6 5. Nc3 e5 6. Ndb5 d6 7. Nd5 Nxd5 8. exd5 Ne7 9. c4 Ng6 10. Bd3 Be7 11. 0-0 0-0 12. b3 a6 13. Nc3 f5 14. f3 Bf6 15. Qc2 e4 16. fxe4 fxe4 17. Be2 Bd4+ 18. Kh1 Rxf1+ 19. Bxf1 Qf6 20. Bb2 Bf5 21. Nd1 Rf8 22. Bxd4 Qxd4 23. Qc3 Qxc3 24. Nxc3 Ne5 25. Kg1 Nd3 26. Rd1 Nc5 27. Re1 Bg6 28. b4 Nd3 29. Bxd3 exd3 30. Nd1 Bh5 31. Ne3 d2 32. Rb1 Re8 33. Kf2 Rxe3 34. Kxe3 d1Q 0-1

[Event "Manizales Las Americas op-B"]
[Site "Manizales"]
[Date "2021.10.15"]
[Round "2"]
[White "Quintero Sepulveda, Juan Esteban"]
[Black "Vargas, Eduar Misael"]
[Result "1-0"]
[WhiteElo "1724"]
[BlackElo "1960"]
[PlyCount "54"]
[EventDate "2021.10.14"]
[EventType "swiss"]
[EventRounds "9"]
[EventCountry "COL"]
[SourceTitle "EXT 2023"]
[Source "ChessBase"]
[SourceDate "2022.10.05"]
[SourceVersion "1"]
[SourceVersionDate "2022.10.05"]
[SourceQuality "1"]

1. e4 c5 2. Nf3 d6 3. d4 cxd4 4. Nxd4 Nf6 5. Nc3 Nc6 6. Bc4 Qb6 7. Nxc6 bxc6 8. 0-0 e5 9. Rb1 Be7 10. Be3 Qc7 11. h3 0-0 12. Qe2 Bb7 13. Rfd1 Qa5 14. Qd2 Qc7 15. f4 Nd7 16. f5 Nf6 17. g4 d5 18. g5 Nxe4 19. Nxe4 dxe4 20. Qd7 Bd8 21. Qxc7 Bxc7 22. Rd7 Rfc8 23. Rxf7 Ba6 24. Be6 Bb6 25. Rxa7+ Kf8 26. Bxb6 Rxa7 27. Bxc8 Ra8 1-0